000 01025cam a2200325 a 4500
001 15270831
003 OSt
005 20230602115019.0
008 080422s2008 ke 001 0 eng
010 _a 2008349345
020 _a9966769455
040 _aDLC
_cDLC
_dDLC
042 _alcode
043 _af-ke---
082 _a364.16762
_bLUM
100 1 _aLumumba, Patrick L. O.
245 1 0 _aCall for political hygiene in Kenya /
_cPLO Lumumba.
260 _aNairobi :
_bMvuleAfrica Publishers,
_c2008.
300 _axxiii, 71 p. ;
_c20 cm.
500 _aIncludes index.
600 1 0 _aLumumba, Patrick L. O.
650 0 _aPolitical ethics
_zKenya.
650 0 _aPolitical corruption
_zKenya.
650 0 _aElections
_xCorrupt practices
_zKenya.
650 0 _aElections
_zKenya.
856 4 1 _3Table of contents
_uhttp://www.loc.gov/catdir/toc/fy0804/2008349345.html
906 _a7
_bibc
_corigode
_d3
_encip
_f20
_gy-gencatlg
942 _2ddc
_cBK
999 _c110
_d110